Vālmīki-saṃvarddhanam. (Record no. 83617)

MARC details
000 -LEADER
fixed length control field 00612cam a22002171 4500
001 - CONTROL NUMBER
control field sa 68010896
003 - CONTROL NUMBER IDENTIFIER
control field DLC
005 - DATE AND TIME OF LATEST TRANSACTION
control field 20260227112556.0
008 - FIXED-LENGTH DATA ELEMENTS--GENERAL INFORMATION
fixed length control field 900207s1966 ii c 000 1 sano
010 ## - LIBRARY OF CONGRESS CONTROL NUMBER
LC control number sa 68010896
035 ## - SYSTEM CONTROL NUMBER
System control number (OCoLC)21014955
040 ## - CATALOGING SOURCE
Original cataloging agency DLC
Transcribing agency WaU
Modifying agency OCoLC
-- DLC
042 ## - AUTHENTICATION CODE
Authentication code premarc
050 00 - LIBRARY OF CONGRESS CALL NUMBER
Classification number PK3799.V45
Item number V3
100 1# - MAIN ENTRY--PERSONAL NAME
Personal name Vidyabhushan, Visvesvar.
245 10 - TITLE STATEMENT
Title Vālmīki-saṃvarddhanam.
Remainder of title Vālmīki-samvardhanam, Sanskrit drama.
260 ## - PUBLICATION, DISTRIBUTION, ETC.
Place of publication, distribution, etc. Calcutta
Date of publication, distribution, etc. 1966 [cover 1967]
300 ## - PHYSICAL DESCRIPTION
Extent xi, 50 p.
Other physical details port.
Dimensions 22 cm.
500 ## - GENERAL NOTE
General note In Sanskrit.
600 00 - SUBJECT ADDED ENTRY--PERSONAL NAME
Personal name Vālmīki
General subdivision In literature.

No items available.

Powered by Koha